Las especies arbóreas de los bosques templados de Chile y Argentina: Autoecología
Zapisane w:
| 1. autor: | |
|---|---|
| Format: | Książka |
| Język: | hiszpański |
| Wydane: |
Santiago
Marisa Cuneo
2013
|
| Wydanie: | 2a. ed |
| Hasła przedmiotowe: | |
| Etykiety: |
Dodaj etykietę
Nie ma etykietki, Dołącz pierwszą etykiete!
|
MARC
| LEADER | 00000cam a2200000 a 4500 | ||
|---|---|---|---|
| 001 | UCD3562 | ||
| 003 | CL-VaPUC | ||
| 008 | 160609e20130000cl |||||||||||||||||spa|d | ||
| 020 | |a 9789567173310 | ||
| 082 | 0 | 4 | |a 577.3 |b DON |2 21 |
| 100 | 0 | |a Donoso Zegers, Claudio |e author |9 587074 | |
| 245 | 1 | 4 | |a Las especies arbóreas de los bosques templados de Chile y Argentina: Autoecología |
| 250 | |a 2a. ed | ||
| 300 | |a 688 p | ||
| 942 | |c BK | ||
| 945 | |d 20160609 22:21:00 |a arojas | ||
| 260 | |a Santiago |b Marisa Cuneo |c 2013 | ||
| 650 | 7 | |a SILVICULTURA |2 CL-VaPUC |9 264178 | |
| 650 | 0 | |a Bosques |9 269804 | |
| 650 | 0 | |a Ecología forestal |9 262744 | |
| 650 | 7 | |a CULTIVO DE BOSQUES |2 CL-VaPUC |9 417156 | |
| 650 | 7 | |a REFORESTACION |2 CL-VaPUC |9 262802 | |
| 650 | 0 | |a Árboles forestales |9 371051 | |
| 650 | 0 | |a Zonas forestales |9 524854 | |
| 651 | 7 | |a CHILE |2 CL-VaPUC |9 587075 | |
| 651 | 0 | |a Argentina |9 254888 | |
| 583 | |a last modification |c 20160609 22:21:00 |k Rodrigo Vera | ||
| 999 | |c 364598 |d 364596 | ||
| 952 | |0 0 |1 0 |3 erb |4 0 |6 577_300000000000000_DON_2013 |7 0 |8 A |9 478142 |a BIBING |b BIBING |i 5291011 |l 3 |o 577.3 DON 2013 |p 5291011 |r 2025-01-20 |s 2024-06-19 |w 2019-11-24 |y BK |z Catalogado en:20160609 |k GEO | ||